00597nam a2200157 a 450000100100000000500170001000800410002704000250006808200150009311000640010824500720017226000820024430000240032650000530035050000360040300002871820200930055109.0110411s1992 sz 000 0 spa d aDO-SdBNPbspacBNPHU axxxxbO32h1 aOffice of the United Nations Hign Commissioner for Refugees00aHandbook on procedures and criteria for determining refugee status. aGeneva :bOffice of the United Nations High Commissioner for Refugees,c1992. av., 93 p. ;c21 cm. aIncluye referencias bibliográficas e índice. a"Reedited Geneva, January 1992"